[Event "Sicilian Accelerated Dragon Tournament"]
[Site "SchemingMind.com"]
[Date "2009.09.21"]
[Round "-"]
[White "echecs"]
[Black "MOIMOI"]
[Result "1-0"]
[WhiteCountry "ENG"]
[BlackCountry "POL"]
[WhiteElo "1824"]
[WhiteRD "60"]
[BlackElo "1604"]
[BlackRD "57"]
[GameID "220119"]

1. e4 c5 2. Nf3 Nc6 3. d4 cxd4 4. Nxd4 g6 5. c4 Bg7 6. Be3 Qa5+ 7. Nc3 Nf6 8. Bd3 Nh5 9. Ne2 h6 10. O-O Qc7
11. Nd5 Qd6 12. c5 Qb8 13. Rb1 Be5 14. f4 Bg7 15. b4 e6 16. Ndc3 a6 17. a3 f5 18. e5 g5 19. Nd4 Nxf4 20. Bxf4 gxf4
21. Nxc6 bxc6 22. Na4 Qxe5 23. Nb6 Qd4+ 24. Kh1 Rb8 25. Nxc8 Rxc8 26. Bxa6 Qxd1 27. Rbxd1 Ra8 28. b5 O-O 29. a4 Rfd8 30. Rxf4 Kf7
31. Bb7 Rab8 32. Ba6 Be5 33. Rc4 d5 34. cxd6 cxb5 35. Bxb5 Rxd6 36. Re1 Kf6 37. g3 Rdb6 38. Kg2 Rxb5 39. axb5 Rxb5 40. Rc6 Rb2+
41. Kh3 Rb3 42. Kh4 Rb2 43. h3 Rb4+ 44. g4 Rd4 45. Kh5 Rd3 46. gxf5 Rxh3+ 47. Kg4 Rg3+ 48. Kh4 Bf4 49. fxe6 Kf5 50. Rc5+ Kg6
51. e7
1-0

[Event "Sicilian Accelerated Dragon Tournament"]
[Site "SchemingMind.com"]
[Date "2009.09.21"]
[Round "-"]
[White "chessleon"]
[Black "MOIMOI"]
[Result "0-1"]
[WhiteCountry "NED"]
[BlackCountry "POL"]
[WhiteElo "1466"]
[WhiteRD "80"]
[BlackElo "1604"]
[BlackRD "57"]
[GameID "220120"]

1. e4 c5 2. Nf3 Nc6 3. d4 cxd4 4. Nxd4 g6 5. c4 Bg7 6. Be3 Qa5+ 7. Nc3 Nf6 8. f3 Nh5 9. g4 Nf6 10. Nxc6 bxc6
11. e5 Qxe5 12. Kf2 g5 13. Qd2 h6 14. Bd4 Qf4 15. Qxf4 gxf4 16. Bxf6 Bxf6 17. Bd3 Rb8 18. Rab1 Bh4+ 19. Kg2 Rg8 20. Rhe1 Bxe1
21. Rxe1 h5 22. h3 Rxb2+ 23. Re2 Rxe2+ 24. Bxe2 f5 25. Nd1 fxg4 26. hxg4 d5 27. cxd5 cxd5 28. Bb5+ Bd7 29. Bxd7+ Kxd7 30. Kh3 hxg4+
31. fxg4 e5 32. Nf2 e4 33. Kg2 Ke6
0-1

[Event "Sicilian Accelerated Dragon Tournament"]
[Site "SchemingMind.com"]
[Date "2009.09.21"]
[Round "-"]
[White "Black Knight"]
[Black "MOIMOI"]
[Result "0-1"]
[WhiteCountry "USA"]
[BlackCountry "POL"]
[WhiteElo "1406"]
[WhiteRD "70"]
[BlackElo "1604"]
[BlackRD "57"]
[GameID "220122"]

1. e4 c5 2. Nf3 Nc6 3. d4 cxd4 4. Nxd4 g6 5. Be2 Bg7 6. Be3 Qa5+ 7. Bd2 Qb6 8. Bc3 Nf6 9. Nxc6 bxc6 10. O-O O-O
11. b3 Nxe4 12. Bxg7 Kxg7 13. Qd3 f5 14. Nd2 d5 15. Nxe4 dxe4 16. Qe3 Qxe3 17. fxe3 Rf6
0-1

[Event "Sicilian Accelerated Dragon Tournament"]
[Site "SchemingMind.com"]
[Date "2009.09.21"]
[Round "-"]
[White "alvaro"]
[Black "MOIMOI"]
[Result "1-0"]
[WhiteCountry "URU"]
[BlackCountry "POL"]
[WhiteElo "1836"]
[WhiteRD "71"]
[BlackElo "1612"]
[BlackRD "69"]
[GameID "220123"]

1. e4 c5 2. Nf3 Nc6 3. d4 cxd4 4. Nxd4 g6 5. Be3 Bg7 6. Be2 Ne5 7. f4 Nc6 8. O-O e6 9. Nc3 a6 10. a3 Nge7
11. Qd2 f5 12. Nxc6 bxc6 13. e5 O-O 14. Rad1 Rb8 15. b4 g5 16. Bc5 g4 17. Qd6 Rb7 18. Qxe7 Qxe7 19. Bxe7 Re8 20. Bc5 Rb8
21. Kf2 h5 22. h3 Kf7 23. Na4 Rh8 24. hxg4 hxg4 25. Nb6 Ke8 26. Nxc8 Rxc8 27. Bxa6 Ra8 28. b5 Bf8 29. Bxf8 Rxf8 30. a4 Rf7
31. Rh1 Ke7 32. Ra1 Rg7 33. Bb7 Rb8 34. bxc6 dxc6 35. Bxc6 Rc8 36. Rab1 Rgg8 37. Rh7+ Kf8 38. Rb6 Rd8 39. a5 Rg7 40. Rxg7 Kxg7
41. Ke3 Kh6 42. a6 Rd1 43. a7 g3 44. a8=Q Kh5 45. Bf3+
1-0

[Event "Sicilian Accelerated Dragon Tournament"]
[Site "SchemingMind.com"]
[Date "2009.09.21"]
[Round "-"]
[White "saidone"]
[Black "MOIMOI"]
[Result "0-1"]
[WhiteCountry "ITA"]
[BlackCountry "POL"]
[WhiteElo "1633"]
[WhiteRD "105"]
[BlackElo "1604"]
[BlackRD "57"]
[GameID "220124"]

1. e4 c5 2. Nf3 Nc6 3. d4 cxd4 4. Nxd4 g6 5. Nc3 Bg7 6. Be3 e6 7. Be2 Nf6 8. O-O h5 9. h3 a6 10. f4 Ne7
11. e5 Nfd5 12. Nxd5 Nxd5 13. Qd2 O-O 14. Bf2 b5 15. a4 bxa4 16. Rxa4 Bb7 17. Rfa1 Bh6 18. g3 h4 19. Bxa6 hxg3 20. Bxg3 Bc6
21. Bb5 Rxa4 22. Rxa4 Bxb5 23. Nxb5 Qb6+ 24. Nd4 Qxb2 25. Ra7 Rd8 26. Qa5 Qxd4+ 27. Bf2 Qd1+ 28. Kg2 Nxf4+ 29. Kg3 Ne2+ 30. Kh4 g5+
31. Kh5 Nf4+
0-1